000 01019nam a22002417a 4500
999 _c17681
_d17681
003 AR-CdUCM
008 190509b ||||| |||| 00| 0 spa d
040 _aMUNICIPALIDAD PROVINCIAL DEL CUSCO
_cBIBLIOTECA MUNICIPAL DEL CUSCO
082 _a675.098 /
_bF38
100 _aFernández-Baca, Jorge
_937819
245 _aEl complejo sectorial de cuero y calzado en el Perú /
260 _aLima :
_bCentro de Estudios y Promoción del Desarrollo,
_c1982.
300 _a122 páginas ;
_c18 cm.
440 _aPublicaciones previas ;
_n5
_937820
505 _aContenido: Antecedentes históricos del complejo -- Mapa del complejo sectorial de cuero y calzado -- El proceso de transformación -- Relaciones de dominación al interior del complejo...
650 _aCuero
_923079
650 _aIndustria y comercio
_96100
650 _aPerú
_935
700 _aFigueroa Arroyo, Luis
_937821
710 _aDESCO, Centro de Estudios y Promoción del Desarrollo (Lima)
_94125
942 _2ddc
_cLIBROS
945 _aacv
_d2019-05-09